Autobahnen in Schleswig-Holstein - Statistiken

Allgemein
  • Dieses Quiz wurde 324 mal gespielt
  • Das Durchschnittsergebnis liegt bei 7 aus 10
Antwortstatistiken
Hint Antwort % Korrekt
118 km A1
98%
144 km A7
98%
53,7 km A21
84%
39,1 km A20
82%
92,2 km A23
82%
46,3 km A24
82%
4,1 km A25
69%
22,8 km A215
45%
23,6 km A210
42%
4,9 km A226
23%
Keine übereinstimmenden Quizze gefunden
Verteilung der Resultate
Anzahl Personen mit jedem Resultat
Perzentil nach korrekt beantworteten Fragen
Ihre Resultats-Entwicklung
Sie haben dieses Quiz noch nicht gespielt